[Event "6ème Open de l'Ouest Toulousain - A"]
[Site "Fontenilles"]
[Date "2011.03.10"]
[Round "6.8"]
[White "Fillon, Damien"]
[Black "Benmesbah, Natacha"]
[Result "1/2-1/2"]
[WhiteElo "2055"]
[BlackElo "2204"]
[PlyCount "152"]
[EventDate "2011.??.??"]

1. d4 Nf6 2. c4 c5 3. Nf3 cxd4 4. Nxd4 e5 5. Nb5 d5 6. cxd5 Bc5 7. N5c3 O-O 8.
g3 Re8 9. Bg2 e4 10. O-O Bf5 11. a3 Nbd7 12. b4 Bd6 13. Nb5 Be5 14. Ra2 a6 15.
Nd4 Bg6 16. Nc2 Nb6 17. Ne3 Nbxd5 18. Nxd5 Qxd5 19. Qxd5 Nxd5 20. Rd1 Nb6 21.
Bb2 Bxb2 22. Rxb2 Nc4 23. Rc2 b5 24. e3 Bh5 25. Rdc1 Rad8 26. a4 Rd1+ 27. Rxd1
Bxd1 28. Rc1 Bxa4 29. Nc3 Nd2 30. Nxe4 Nb3 31. Rc6 a5 32. bxa5 Nxa5 33. Ra6 Nb3
34. Nc3 Nc5 35. Rc6 Nb3 36. Ra6 Nc5 37. Rc6 Nb3 38. Nxa4 bxa4 39. Rc4 g6 40.
Rxa4 Rd8 41. Ra8 Rxa8 42. Bxa8 Nc5 43. h4 h5 44. Bd5 Kg7 45. Kg2 Nd7 46. e4 Nf6
47. Kf3 Ng4 48. Ke2 Kf6 49. f3 Ne5 50. Ke3 Ke7 51. Kf4 Kf6 52. g4 hxg4 53. fxg4
Nd3+ 54. Ke3 Ne5 55. Kf4 Nd3+ 56. Ke3 Ne5 57. g5+ Ke7 58. Bb3 Kd6 59. Bc2 Nc6
60. Bb3 Ne5 61. Bd1 Ke7 62. Kf4 Nd3+ 63. Ke3 Ne5 64. Be2 Kd6 65. Ba6 Ke6 66.
Bf1 Kd6 67. Be2 Ke6 68. h5 gxh5 69. Bxh5 Ke7 70. Kf4 Nc4 71. Be2 Nd6 72. Ke5
Ne8 73. Kd5 Nc7+ 74. Ke5 Ne6 75. Bc4 Nxg5 76. Bxf7 Nxf7+ 1/2-1/2

[Event "6ème Open de l'Ouest Toulousain - A"]
[Site "Fontenilles"]
[Date "2011.03.10"]
[Round "6.9"]
[White "Zarrouati, Pierre"]
[Black "Frayssinet, Frank"]
[Result "1/2-1/2"]
[WhiteElo "2155"]
[BlackElo "1962"]
[PlyCount "78"]
[EventDate "2011.??.??"]

1. d4 Nf6 2. Nf3 d5 3. c4 e6 4. e3 Be7 5. Nc3 O-O 6. Be2 dxc4 7. Bxc4 c5 8. O-O
cxd4 9. Qxd4 Nc6 10. Qxd8 Rxd8 11. Bb3 Nd5 12. Bd2 Nxc3 13. Bxc3 b6 14. e4 Ba6
15. Rfe1 Bc5 16. Rac1 Nb4 17. Bxb4 Bxb4 18. Red1 Bc5 19. Ne5 Be2 20. Rd7 Rxd7
21. Nxd7 Rc8 22. Nxc5 Rxc5 23. Rxc5 bxc5 24. f3 Kf8 25. Kf2 Bb5 26. e5 Ke7 27.
Ke3 f6 28. f4 fxe5 29. fxe5 Bc6 30. g3 Bd5 31. Bc2 h6 32. a3 g5 33. b4 cxb4 34.
axb4 Kd7 35. Kd4 Kc6 36. Bd3 Bg2 37. h4 gxh4 38. gxh4 Bh3 39. Bc4 Bf5 1/2-1/2

[Event "6ème Open de l'Ouest Toulousain - A"]
[Site "Fontenilles"]
[Date "2011.03.10"]
[Round "6.10"]
[White "Garrel, Alain"]
[Black "Ratsiambahotra, Tahiry"]
[Result "1/2-1/2"]
[WhiteElo "2081"]
[BlackElo "1961"]
[PlyCount "53"]
[EventDate "2011.??.??"]

1. d4 Nf6 2. Bf4 c5 3. e3 g6 4. c3 cxd4 5. exd4 Bg7 6. Nf3 d6 7. Bd3 Nc6 8. O-O
O-O 9. h3 Qc7 10. Re1 Nh5 11. Bh2 e5 12. Na3 a6 13. dxe5 dxe5 14. Nc4 f6 15.
Qb3 Kh8 16. Nb6 Rb8 17. Nxc8 Rbxc8 18. g4 Nf4 19. Bxf4 exf4 20. Rad1 Rcd8 21.
Qc4 Qb6 22. h4 Ne5 23. Nxe5 fxe5 24. h5 gxh5 25. g5 Qc6 26. Qxc6 bxc6 27. Bxa6
1/2-1/2

[Event "6ème Open de l'Ouest Toulousain - A"]
[Site "Fontenilles"]
[Date "2011.03.11"]
[Round "7.1"]
[White "Miron, Lucian-Costin"]
[Black "Sharapov, Evgeny"]
[Result "0-1"]
[WhiteElo "2501"]
[BlackElo "2468"]
[PlyCount "104"]
[EventDate "2011.??.??"]

1. d4 Nf6 2. c4 c6 3. Nf3 d5 4. e3 Bg4 5. Qb3 Qb6 6. Nc3 e6 7. Nh4 Bh5 8. h3
Be7 9. g4 Bg6 10. Nxg6 hxg6 11. Bg2 g5 12. Bd2 Nbd7 13. Qa4 a5 14. cxd5 Nxd5
15. Nxd5 exd5 16. Qc2 a4 17. O-O g6 18. e4 dxe4 19. Qxe4 Kf8 20. Bc3 Bf6 21. d5
a3 22. Rab1 Re8 23. Qa4 Kg7 24. bxa3 Qc5 25. Bxf6+ Nxf6 26. dxc6 bxc6 27. Rfc1
Qe5 28. Qxc6 Re7 29. Qc3 Qxc3 30. Rxc3 Re2 31. Rc7 Rxa2 32. Ra7 Rd8 33. Rbb7
Ra1+ 34. Kh2 Rf8 35. Bf3 Ra2 36. Kg2 Rd2 37. a4 Nd5 38. Kg3 Nf4 39. Re7 Kf6 40.
h4 Ne6 41. h5 gxh5 42. gxh5 Rd3 43. a5 Nd4 44. Re3 Nf5+ 45. Kg4 Nxe3+ 46. fxe3
Rxe3 47. Rc7 Rd8 48. Rc6+ Re6 49. a6 Rd4+ 50. Kg3 Rxc6 51. Bxc6 Rd3+ 52. Kg4
Ra3 0-1

[Event "6ème Open de l'Ouest Toulousain - A"]
[Site "Fontenilles"]
[Date "2011.03.11"]
[Round "7.2"]
[White "Petrov, Marijan"]
[Black "Solodovnichenko, Yuri"]
[Result "1/2-1/2"]
[WhiteElo "2534"]
[BlackElo "2577"]
[PlyCount "80"]
[EventDate "2011.??.??"]

1. e4 c5 2. Nf3 d6 3. Bb5+ Nd7 4. O-O Ngf6 5. Re1 a6 6. Bf1 b6 7. c4 Bb7 8. Nc3
e6 9. b3 Be7 10. Bb2 O-O 11. g3 Re8 12. d3 Bf8 13. Nh4 g6 14. f4 Bg7 15. Bg2
Nh5 16. Nf3 b5 17. Qd2 Qa5 18. Qc2 Rad8 19. Ne2 Nhf6 20. h3 h6 21. g4 Bc6 22.
Ng3 Qc7 23. Rf1 bxc4 24. dxc4 Nxe4 25. Bxg7 Nxg3 26. Bxh6 Nxf1 27. Rxf1 Kh7 28.
Bg5 f6 29. Nh4 Rg8 30. f5 gxf5 31. gxf5 exf5 32. Qxf5+ Kh8 33. Ng6+ Rxg6 34.
Qxg6 Bxg2 35. Qh6+ Kg8 36. Qg6+ Kh8 37. Qh6+ Kg8 38. Qg6+ Kf8 39. Bh6+ Ke7 40.
Qh7+ Ke6 1/2-1/2

[Event "6ème Open de l'Ouest Toulousain - A"]
[Site "Fontenilles"]
[Date "2011.03.11"]
[Round "7.3"]
[White "Kravtsiv, Martyn"]
[Black "Gelas, Christophe"]
[Result "1-0"]
[WhiteElo "2567"]
[BlackElo "2047"]
[PlyCount "55"]
[EventDate "2011.??.??"]

1. e4 e6 2. d4 d5 3. Nc3 Bb4 4. e5 c5 5. a3 Bxc3+ 6. bxc3 Qc7 7. Nf3 Ne7 8. a4
b6 9. Bb5+ Bd7 10. O-O Bxb5 11. axb5 a5 12. bxa6 Rxa6 13. Rxa6 Nxa6 14. Qe2 c4
15. h4 Qa7 16. h5 h6 17. Nh4 Nc7 18. Qg4 Rg8 19. Bd2 Qa2 20. Rc1 Nb5 21. f4 Qb2
22. f5 exf5 23. Nxf5 Nxf5 24. Qxf5 Nxc3 25. Qc8+ Ke7 26. Qc7+ Ke8 27. Rf1 Rf8
28. e6 1-0

[Event "6ème Open de l'Ouest Toulousain - A"]
[Site "Fontenilles"]
[Date "2011.03.11"]
[Round "7.4"]
[White "Touzane, Olivier"]
[Black "Jianu, Vlad-Cristian"]
[Result "0-1"]
[WhiteElo "2294"]
[BlackElo "2545"]
[PlyCount "112"]
[EventDate "2011.??.??"]

1. d4 Nf6 2. c4 c5 3. d5 b5 4. cxb5 a6 5. bxa6 g6 6. Nc3 Bxa6 7. g3 Bg7 8. Bg2
d6 9. Nf3 Nbd7 10. Rb1 Nb6 11. b3 Ra7 12. O-O Qa8 13. Bb2 O-O 14. Nh4 Rb8 15.
Qd2 Nfd7 16. Nd1 Nf6 17. Re1 Bb7 18. e4 Rxa2 19. Nc3 Ra5 20. Ra1 Rd8 21. Nb5
Ra2 22. Nc3 Rxa1 23. Rxa1 Qb8 24. Nb5 Bc8 25. Qa5 Bd7 26. Nc3 Rc8 27. Nd1 Na8
28. e5 dxe5 29. d6 e4 30. dxe7 g5 31. Qa6 Nb6 32. Ne3 gxh4 33. gxh4 Re8 34. Qa5
Nc8 35. Qxc5 Qxb3 36. Bd4 Nxe7 37. h5 Qb5 38. Qc3 Ned5 39. Nxd5 Qxd5 40. Bxf6
Bxf6 41. Qxf6 Qxh5 42. Ra3 Re6 43. Rg3+ Kf8 44. Qd8+ Be8 45. Qd4 Qe5 46. Qb4+
Re7 47. Re3 f5 48. Ra3 Bg6 49. Ra5 Qf6 50. Ra7 Kf7 51. Qc4+ Kg7 52. Qc5 Rxa7
53. Qxa7+ Kh6 54. f4 Qc3 55. Kf2 Qd2+ 56. Kg3 e3 0-1

[Event "6ème Open de l'Ouest Toulousain - A"]
[Site "Fontenilles"]
[Date "2011.03.11"]
[Round "7.5"]
[White "Di Nicolantonio, Lucas"]
[Black "Radulski, Julian"]
[Result "0-1"]
[WhiteElo "2273"]
[BlackElo "2586"]
[PlyCount "114"]
[EventDate "2011.??.??"]

1. d4 d5 2. c4 e6 3. Nf3 Nf6 4. Nc3 Nbd7 5. Bg5 h6 6. Bh4 Be7 7. e3 O-O 8. Bd3
b6 9. O-O Bb7 10. Qe2 a6 11. Rac1 dxc4 12. Bxc4 b5 13. Bb3 c5 14. Rfd1 c4 15.
Bc2 Nd5 16. Bxe7 Qxe7 17. e4 Nxc3 18. bxc3 e5 19. Qe3 Rfe8 20. Re1 Rad8 21.
Rcd1 exd4 22. cxd4 Qb4 23. d5 Qc5 24. Qf4 Nf8 25. h4 Qa3 26. Bb1 c3 27. Nd4 Qd6
28. Qxd6 Rxd6 29. Nf5 Rd7 30. f4 Red8 31. Bc2 Rc7 32. Kf2 Nh7 33. Rd4 Nf6 34.
Red1 Kf8 35. Ne3 Rc5 36. g4 Nd7 37. Kg3 Nb6 38. f5 f6 39. Kf4 Ke7 40. Rg1 Rh8
41. g5 hxg5+ 42. hxg5 Rh4+ 43. Rg4 Rxg4+ 44. Nxg4 Nd7 45. gxf6+ gxf6 46. Rd3
Rc4 47. d6+ Kf8 48. Rh3 Bxe4 49. Ne3 Bxc2+ 50. Nxc4 bxc4 51. Rh8+ Kg7 52. Rc8
Bd3 53. Ke3 c2 54. Kd2 Kf7 55. Rc7 Bxf5 56. Rxc4 Ne5 57. Ra4 Nd3 0-1

[Event "6ème Open de l'Ouest Toulousain - A"]
[Site "Fontenilles"]
[Date "2011.03.11"]
[Round "7.6"]
[White "Benmesbah, Natacha"]
[Black "Joie, Sebastien"]
[Result "0-1"]
[WhiteElo "2204"]
[BlackElo "2231"]
[PlyCount "86"]
[EventDate "2011.??.??"]

1. e4 e5 2. Bc4 Nf6 3. d4 exd4 4. Nf3 Nc6 5. e5 Ng4 6. Bxf7+ Kxf7 7. Ng5+ Kg8
8. Qf3 Bb4+ 9. c3 Ngxe5 10. Qd5+ Kf8 11. cxb4 Nxb4 12. Ne6+ Kg8 13. Qxe5 dxe6
14. O-O Qd6 15. Qg5 h6 16. Qg6 e5 17. Qe4 Bd7 18. Nd2 Bc6 19. Qg4 Rf8 20. Ne4
Bxe4 21. Qxe4 Qd5 22. Re1 Qxe4 23. Rxe4 Nd3 24. f4 c5 25. fxe5 Kf7 26. e6+ Ke7
27. Rb1 a5 28. a3 Rf2 29. Rg4 Re2 30. Bf4 Kxe6 31. Bc7 g5 32. Bxa5 Ra8 33. b4
Ne5 34. Rg3 c4 35. Bc7 d3 36. Rh3 Rxa3 37. Rxh6+ Kd5 38. Rd6+ Ke4 39. Re6 Kd4
40. Bxe5+ Rxe5 41. Rd6+ Kc3 42. Rc1+ Kxb4 43. Rd4 b5 0-1

[Event "6ème Open de l'Ouest Toulousain - A"]
[Site "Fontenilles"]
[Date "2011.03.11"]
[Round "7.7"]
[White "Frayssinet, Frank"]
[Black "Bollengier, Andreea"]
[Result "0-1"]
[WhiteElo "1962"]
[BlackElo "2260"]
[PlyCount "44"]
[EventDate "2011.??.??"]

1. d4 Nf6 2. Nf3 e6 3. Bg5 h6 4. Bxf6 Qxf6 5. e4 d6 6. c3 Nd7 7. Nbd2 e5 8. Nc4
g6 9. dxe5 dxe5 10. g3 Bg7 11. Bh3 O-O 12. Bxd7 Bxd7 13. Ncxe5 Bh3 14. Rg1 Qe6
15. Qd5 Qxd5 16. exd5 Rfe8 17. O-O-O Bxe5 18. Nxe5 Rxe5 19. g4 f5 20. d6 Bxg4
21. f3 Bxf3 22. Rxg6+ Kf7 0-1

[Event "6ème Open de l'Ouest Toulousain - A"]
[Site "Fontenilles"]
[Date "2011.03.11"]
[Round "7.8"]
[White "Brethes, Francois"]
[Black "Fillon, Damien"]
[Result "1-0"]
[WhiteElo "2236"]
[BlackElo "2055"]
[PlyCount "114"]
[EventDate "2011.??.??"]

1. d4 f5 2. c4 Nf6 3. Nc3 e6 4. Nf3 Bb4 5. Bd2 O-O 6. e3 b6 7. Bd3 Bb7 8. O-O
Bxc3 9. Bxc3 Ne4 10. Rc1 d6 11. b4 Nxc3 12. Rxc3 Nd7 13. c5 dxc5 14. bxc5 bxc5
15. dxc5 Bxf3 16. Qxf3 Ne5 17. Qe2 Nxd3 18. Rxd3 Qe7 19. c6 Rad8 20. Rfd1 Rxd3
21. Qxd3 Kf7 22. g3 Ke8 23. Qd7+ Kf7 24. Qxe7+ Kxe7 25. Rd7+ Kf6 26. Rxc7 a5
27. Kf1 g5 28. Ke2 Rd8 29. Rxh7 Rd5 30. c7 Rc5 31. Kd3 g4 32. Kd4 Rc6 33. a4
Kg6 34. Rd7 Kf6 35. e4 fxe4 36. Kxe4 Rc4+ 37. Kd3 Rc1 38. Kd4 Rc2 39. Ke3 Rc3+
40. Ke2 Rc2+ 41. Kf1 e5 42. Kg2 e4 43. Kf1 Ke6 44. Rh7 Kf6 45. Ke1 Kg6 46. Rd7
Kf6 47. Kd1 Rc4 48. Kd2 Ke5 49. Rh7 Kf5 50. Ke3 Kg6 51. Rd7 Kf5 52. Rd5+ Kf6
53. Rxa5 Rxc7 54. Kxe4 Rc2 55. Rf5+ Kg6 56. Rf4 Kg5 57. Kd3 Rc1 1-0

[Event "6ème Open de l'Ouest Toulousain - A"]
[Site "Fontenilles"]
[Date "2011.03.11"]
[Round "7.9"]
[White "Boukhris-Ferre, Yacine"]
[Black "Zarrouati, Pierre"]
[Result "0-1"]
[WhiteElo "2040"]
[BlackElo "2155"]
[PlyCount "46"]
[EventDate "2011.??.??"]

1. e4 c6 2. d4 d5 3. Nc3 dxe4 4. Nxe4 Bf5 5. Ng3 Bg6 6. Bc4 Nf6 7. N1e2 e6 8.
O-O c5 9. f4 cxd4 10. f5 exf5 11. Nxf5 Nc6 12. Neg3 Qd7 13. Qe2+ Kd8 14. Kh1
Kc7 15. Bf4+ Kb6 16. Rf3 a6 17. Rd1 Re8 18. Qf2 Ka7 19. Nxd4 Nxd4 20. Bd6 Qxd6
21. Rxd4 Qc5 22. Rc3 Ne4 23. Nxe4 Rxe4 0-1

[Event "6ème Open de l'Ouest Toulousain - A"]
[Site "Fontenilles"]
[Date "2011.03.11"]
[Round "7.10"]
[White "Iagar, Razvan-Gabriel"]
[Black "Malka, Samuel"]
[Result "1/2-1/2"]
[WhiteElo "2125"]
[BlackElo "2015"]
[PlyCount "40"]
[EventDate "2011.??.??"]

1. d4 Nf6 2. c4 g6 3. Nf3 Bg7 4. Nc3 O-O 5. g3 d5 6. Bg2 dxc4 7. Ne5 c5 8. dxc5
Qc7 9. Nxc4 Qxc5 10. Ne3 Nc6 11. O-O Rd8 12. Qa4 Be6 13. Qb5 Qxb5 14. Nxb5 Ne8
15. Nc3 Nc7 16. Rd1 Rxd1+ 17. Nexd1 Rd8 18. Bf4 Nd5 19. Nxd5 Bxd5 20. Nc3 Bxc3
1/2-1/2

[Event "6ème Open de l'Ouest Toulousain - A"]
[Site "Fontenilles"]
[Date "2011.03.11"]
[Round "8.1"]
[White "Jianu, Vlad-Cristian"]
[Black "Sharapov, Evgeny"]
[Result "1/2-1/2"]
[WhiteElo "2545"]
[BlackElo "2468"]
[PlyCount "172"]
[EventDate "2011.??.??"]

1. c4 c5 2. g3 Nc6 3. Bg2 g6 4. Nc3 Bg7 5. Nf3 e5 6. O-O d6 7. a3 a5 8. d3 Nge7
9. Rb1 O-O 10. Bd2 h6 11. Ne1 Be6 12. Nd5 Rb8 13. b4 axb4 14. axb4 Bxd5 15.
cxd5 Nxb4 16. Bxb4 cxb4 17. Rxb4 Qc7 18. Nc2 Qc5 19. Rc4 Qa5 20. Qe1 Qxe1 21.
Rxe1 b5 22. Rc7 Rfc8 23. Rxc8+ Rxc8 24. Nb4 Rc3 25. Rb1 Nc8 26. h4 Bf6 27. Nc6
Rc5 28. Nb8 Rc2 29. Rxb5 Rxe2 30. Rb7 e4 31. dxe4 Rb2 32. Rxb2 Bxb2 33. Kf1 f6
34. Ke2 Bd4 35. Nc6 Bc5 36. Bh3 Na7 37. Nb8 Kf7 38. Bd7 Ke7 39. f4 Bb6 40. Ba4
Bc7 41. Na6 Bb6 42. Kf3 Bd4 43. Kg4 Nc8 44. h5 gxh5+ 45. Kxh5 Bf2 46. g4 Be3
47. Kxh6 Kf7 48. Bd7 Bxf4+ 49. Kh7 Nb6 50. Be6+ Kf8 51. Nb8 Bg5 52. Bf5 Kf7 53.
Nc6 Nc4 54. Nd8+ Ke7 55. Ne6 Kf7 56. Bg6+ Ke7 57. Bh5 Be3 58. Kg8 Bb6 59. Bg6
Ba7 60. Bf5 Bb6 61. Ng7 Ne3 62. Be6 Bd4 63. Nh5 Be5 64. Bf5 Nc2 65. Kg7 Nd4 66.
Kg8 Nc2 67. Ng7 Nd4 68. Be6 Bf4 69. Kh7 Be5 70. Kg8 Bf4 71. Kh7 Be5 72. Kg6 Bf4
73. Bc8 Be5 74. Bb7 Bf4 75. Bc6 Be5 76. Ba4 Bf4 77. Ne8 Be5 78. Nc7 Kd8 79. Na8
Ke7 80. Nb6 Nf3 81. Nc8+ Kd8 82. Na7 Nd4 83. Kf7 Kc7 84. Ke7 Kb6 85. Nc6 Nxc6+
86. dxc6 Kc7 1/2-1/2

[Event "6ème Open de l'Ouest Toulousain - A"]
[Site "Fontenilles"]
[Date "2011.03.11"]
[Round "8.2"]
[White "Petrov, Marijan"]
[Black "Kravtsiv, Martyn"]
[Result "0-1"]
[WhiteElo "2534"]
[BlackElo "2567"]
[PlyCount "120"]
[EventDate "2011.??.??"]

1. e4 e5 2. Nf3 Nc6 3. Bb5 a6 4. Ba4 Nf6 5. O-O Be7 6. Bxc6 dxc6 7. Nc3 Nd7 8.
d4 exd4 9. Qxd4 O-O 10. Rd1 Bf6 11. Qc4 Qe7 12. Bf4 Nb6 13. Qd3 Bxc3 14. bxc3
Bg4 15. h3 Rad8 16. Qe2 Nd5 17. hxg4 Nxc3 18. Qe1 Rxd1 19. Rxd1 Nxd1 20. Qxd1
Qxe4 21. Bxc7 Qxg4 22. Qd3 Re8 23. c4 Qe4 24. Qb3 b5 25. c5 h6 26. a3 Qf5 27.
Bd6 Re2 28. Qc3 Ra2 29. Qe5 Qb1+ 30. Kh2 Qg6 31. Qe8+ Kh7 32. Qe3 Qh5+ 33. Kg3
f5 34. Be7 a5 35. Nd4 b4 36. axb4 axb4 37. f3 Qg6+ 38. Kf4 Rxg2 39. Qb3 Rg1 40.
Qxb4 Qg3+ 41. Kxf5 Re1 42. Qxe1 Qxe1 43. Nxc6 Qb1+ 44. Ke6 Qb3+ 45. Kd7 Qxf3
46. Bd6 g5 47. Ne7 Qb7+ 48. Kd8 Qa8+ 49. Kd7 Kg7 50. c6 Kf7 51. Nc8 h5 52. Be7
Qa4 53. Bc5 h4 54. Nb6 Qg4+ 55. Kd8 Qe6 56. Nd7 h3 57. Bg1 Qe8+ 58. Kc7 Qe1 59.
Kd8 Qxg1 60. c7 Qe3 0-1

[Event "6ème Open de l'Ouest Toulousain - A"]
[Site "Fontenilles"]
[Date "2011.03.11"]
[Round "8.3"]
[White "Solodovnichenko, Yuri"]
[Black "Radulski, Julian"]
[Result "1/2-1/2"]
[WhiteElo "2577"]
[BlackElo "2586"]
[PlyCount "36"]
[EventDate "2011.??.??"]

1. e4 e5 2. Nf3 Nc6 3. Bb5 a6 4. Ba4 d6 5. c3 g6 6. d4 Bd7 7. Bg5 Be7 8. Be3
Nf6 9. dxe5 Nxe5 10. Nxe5 dxe5 11. f3 O-O 12. Bb3 Nh5 13. O-O Nf4 14. Qd2 Bb5
15. Rd1 Qxd2 16. Nxd2 Rfd8 17. Nc4 Nd3 18. Rd2 Kg7 1/2-1/2

[Event "6ème Open de l'Ouest Toulousain - A"]
[Site "Fontenilles"]
[Date "2011.03.11"]
[Round "8.4"]
[White "Joie, Sebastien"]
[Black "Miron, Lucian-Costin"]
[Result "1/2-1/2"]
[WhiteElo "2231"]
[BlackElo "2501"]
[PlyCount "60"]
[EventDate "2011.??.??"]

1. d4 d5 2. c4 e6 3. Nf3 c6 4. e3 Nf6 5. Nc3 Nbd7 6. Bd3 dxc4 7. Bxc4 b5 8. Be2
Bb7 9. O-O Bd6 10. e4 e5 11. dxe5 Nxe5 12. Nxe5 Bxe5 13. Qc2 O-O 14. Be3 Re8
15. Bf3 Qc7 16. g3 a6 17. Ne2 c5 18. Bg2 c4 19. f3 Nd7 20. Rad1 Bd6 21. Nf4 Bc5
22. Bxc5 Nxc5 23. b3 Qb6 24. Kh1 cxb3 25. axb3 Rac8 26. Qb2 a5 27. Nd5 Qe6 28.
Qa3 a4 29. bxa4 bxa4 30. Rf2 Red8 1/2-1/2

[Event "6ème Open de l'Ouest Toulousain - A"]
[Site "Fontenilles"]
[Date "2011.03.11"]
[Round "8.5"]
[White "Zarrouati, Pierre"]
[Black "Touzane, Olivier"]
[Result "0-1"]
[WhiteElo "2155"]
[BlackElo "2294"]
[PlyCount "91"]
[EventDate "2011.??.??"]

1. c4 Nf6 2. Nc3 g6 3. Nf3 Bg7 4. g3 O-O 5. Bg2 d6 6. O-O e5 7. d3 Nc6 8. Rb1
a5 9. a3 h6 10. b4 axb4 11. axb4 Be6 12. b5 Ne7 13. c5 dxc5 14. Bb2 Nd7 15. Nd2
Rb8 16. Ra1 b6 17. Nc4 Nf5 18. Ra7 Nd6 19. Qa4 f5 20. Nd5 Ne8 21. Qa1 Rc8 22.
e4 f4 23. Re1 f3 24. Bf1 Rf7 25. Nxe5 Nxe5 26. Bxe5 Nd6 27. Bxg7 Bxd5 28. exd5
Rxg7 29. d4 c4 30. Ra4 Qd7 31. Ra8 Rxa8 32. Qxa8+ Kh7 33. h4 Qg4 34. Qf8 Qxd4
35. h5 gxh5 36. Re7 Rxe7 37. Qxe7+ Qg7 38. Qh4 Qe5 39. Qd8 Qg7 40. Qh4 Qg5 41.
Qh3 Qg4 42. Qh1 c3 43. Bd3+ Kg7 44. Bc2 h4 45. Kh2 hxg3+ 46. fxg3 0-1

[Event "6ème Open de l'Ouest Toulousain - A"]
[Site "Fontenilles"]
[Date "2011.03.11"]
[Round "8.6"]
[White "Bollengier, Andreea"]
[Black "Gelas, Christophe"]
[Result "1/2-1/2"]
[WhiteElo "2260"]
[BlackElo "2047"]
[PlyCount "33"]
[EventDate "2011.??.??"]

1. e4 e6 2. d4 d5 3. Nd2 Nf6 4. e5 Nfd7 5. Bd3 c5 6. c3 Nc6 7. Ne2 cxd4 8. cxd4
a5 9. O-O Nb6 10. f4 g6 11. a3 Bd7 12. Kh1 Be7 13. g4 a4 14. f5 Na5 15. f6 Bf8
16. Nc3 Bc6 17. b4 1/2-1/2

[Event "6ème Open de l'Ouest Toulousain - A"]
[Site "Fontenilles"]
[Date "2011.03.11"]
[Round "8.8"]
[White "Garrel, Alain"]
[Black "Di Nicolantonio, Lucas"]
[Result "0-1"]
[WhiteElo "2081"]
[BlackElo "2273"]
[PlyCount "48"]
[EventDate "2011.??.??"]

1. d4 Nf6 2. Bf4 d6 3. Nc3 g6 4. e4 Bg7 5. Qd2 c6 6. O-O-O b5 7. f3 Nbd7 8. e5
b4 9. exf6 bxc3 10. Qxc3 Nxf6 11. g4 Qb6 12. Bc4 O-O 13. Ne2 Ba6 14. Kb1 Rab8
15. Bxa6 Qxa6 16. Nc1 c5 17. Qd2 Nd5 18. c3 Rfc8 19. Nb3 cxd4 20. cxd4 Nb4 21.
a3 Nc2 22. Qd3 Nxa3+ 23. Ka2 Nb5+ 24. Kb1 Nc3+ 0-1

[Event "6ème Open de l'Ouest Toulousain - A"]
[Site "Fontenilles"]
[Date "2011.03.11"]
[Round "8.10"]
[White "Malka, Samuel"]
[Black "Crouzet, Emeric"]
[Result "1-0"]
[WhiteElo "2015"]
[BlackElo "1816"]
[PlyCount "65"]
[EventDate "2011.??.??"]

1. d4 Nf6 2. c4 g6 3. Nc3 Bg7 4. e4 O-O 5. Nf3 d6 6. Be2 Na6 7. O-O e5 8. Be3
Ng4 9. Bg5 f6 10. Bh4 c6 11. d5 c5 12. Nd2 Nh6 13. f3 Nf7 14. a3 Bh6 15. Rb1
Be3+ 16. Kh1 Nc7 17. b4 b6 18. Nb3 Na6 19. Na2 Bd7 20. Qd3 Bd4 21. Nxd4 exd4
22. f4 Nh6 23. Qg3 Kh8 24. h3 Nc7 25. Bd3 Rg8 26. e5 g5 27. fxg5 fxg5 28. exd6
Ne8 29. Qe5+ Rg7 30. Rf8+ Ng8 31. Bg3 g4 32. h4 Bc8 33. Rxe8 1-0

[Event "6ème Open de l'Ouest Toulousain - A"]
[Site "Fontenilles"]
[Date "2011.03.11"]
[Round "8.11"]
[White "Marty, Brice"]
[Black "Benmesbah, Natacha"]
[Result "0-1"]
[WhiteElo "1959"]
[BlackElo "2204"]
[PlyCount "52"]
[EventDate "2011.??.??"]

1. d4 Nf6 2. c4 c5 3. d5 e6 4. Nc3 exd5 5. cxd5 d6 6. e4 g6 7. f4 Bg7 8. Nf3
O-O 9. Be2 Re8 10. e5 dxe5 11. fxe5 Ng4 12. Bg5 Qb6 13. O-O Nxe5 14. Nxe5 Bxe5
15. Bc4 Qxb2 16. d6 Rf8 17. Rxf7 Rxf7 18. Bxf7+ Kg7 19. Rb1 Qxc3 20. Qf1 Bf6
21. Rb3 Qd4+ 22. Be3 Qxd6 23. Bc4 Nc6 24. Rd3 Qe7 25. Qf4 Ne5 26. Rd7 Bxd7 0-1